01102nam a2200193Ia 4500999001700000041001200017082001200029100008300041245012200124260003100246300001600277504004000293520029400333536004700627546001200674650007500686942001200761952013500773 c37223d37223 aEnglish aRS.0918 aShaheen, HameedauDepartment of Psychology, Aligarh Muslim UniversityvAligarh 0aParental attitudes self-esteem, and aggression in relation to suicidal ideation among adolescents / cHameeda Shaheen aNew Delhi : bICSSR,c2016 avi, 193p. ; aInclude bibliographical references. aThe present study aims to examine the role of parental attitudes, self esteem, and aggression in relation to suicidal ideation among adolescents. Research evidences indicate that parental attitudes and self esteem as two important sources of strength for adolescents exposed to aggression. aIndian Council of Social Science Research. aEnglish aSelf-KillingvInterpersonal relationsxParent-child relationszAligarh cRP2ddc 001040718PDFaNASSDOCbNASSDOCd2022-10-11eGifted by: Research Fellowship Divisionl0oRS.0918p52426r2022-10-11 00:00:00yRP